000 01597cam a2200433Ia 4500
999 _c6349
_d6349
001 57467393
003 OCoLC
005 20190116181030.0
008 050121s1969 pau b 001 0 eng d
010 _a76079870
020 _a0664241581
020 _a9780664241582
035 _a.b36449064
040 _aUNA
_cUNA
_dOCLCQ
_dBAKER
_dOCLCQ
_dOSU
041 1 _aeng
_hlat
049 _aOSUU
050 4 _aBJ1460
_b.L813 1978
082 0 4 _a234.9
_bL973l
090 _aBR45
_b.L5
090 _aBR45
_b.L5
100 1 _aLuther, Martin,
_d1483-1546
240 1 0 _aDe servo arbitrio.
_lEnglish
245 1 0 _aLuther and Erasmus :
_bfree will and salvation
_ceditted by E. Gordon Rupp and Philip S. Watson.
250 _aIchthus ed
260 _aPhiladelphia :
_bWestminster Press,
_c1969
300 _axiv, 348 p. ;
_c24 cm
490 1 _aThe Library of Christian classics ;
_vv. 17
500 _a"Erasmus: De libero arbitrio, translated and edited by E. Gordon Rupp, in collaboration with A.N. Marlow."
500 _a"Luther: De servo arbitrio, translated and edited by Philip S. Watson, in collaboration with B. Drewery."
504 _aIncludes bibliographical references and indexes
650 0 _aFree will and determinism
700 1 _aRupp, E. Gordon
_q(Ernest Gordon),
_d1910-1986
700 1 _aMarlow, A. N
700 1 _aWatson, Philip S.
_q(Philip Saville),
_d1909-1983
700 1 _aDrewery, Benjamin
700 1 _aErasmus, Desiderius,
_d-1536.
_tDe libero arbitrio diatribe.
_lEnglish
830 0 _aLibrary of Christian classics (Philadelphia, Pa.) ;
_vv. 17
942 _2ddc
_cBK